[Event "EU-chT (Men) 11th"]
[Site "Pula"]
[Date "1997.05.??"]
[Round "5.1"]
[White "Nikolic, Predrag"]
[Black "Ftacnik, Lubomir"]
[Result "1-0"]
[WhiteElo "2665"]
[BlackElo "2595"]
[Annotator "Ftacnik,L"]
[PlyCount "131"]
[EventDate "1997.05.05"]
[EventType "team-swiss"]
[EventRounds "9"]
[EventCountry "CRO"]
[SourceTitle "CBM 057 Extra"]
[Source "ChessBase"]
[SourceDate "1997.05.01"]
[SourceVersion "1"]
[SourceVersionDate "1997.05.01"]
[SourceQuality "1"]
[WhiteTeam "Bosnia&Herzegovina"]
[BlackTeam "Slovakia"]
[WhiteTeamCountry "BIH"]
[BlackTeamCountry "SVK"]

1. d4 Nf6 2. Nf3 g6 3. g3 Bg7 4. Bg2 d5 5. O-O O-O 6. c4 dxc4 7. Na3 Nc6 8.
Nxc4 Be6 9. b3 Bd5 10. Bb2 a5 11. Rc1 a4 12. Ne3 Be4 13. bxa4 Ra6 14. Ne5 $146
(14. Qb3 $6 Qa8 15. Ne5 Bxg2 16. Nxg2 Rxa4 17. Nxc6 bxc6 18. a3 Ne4 19. Rfd1 c5
20. Rc4 Rxc4 21. Qxc4 Rb8 22. Ba1 cxd4 23. Bxd4 Rd8 24. Ne3 Ng5 25. f3 Bxd4 26.
Rxd4 Rxd4 27. Qxd4 Qxa3 $17 {0-1 Podzielny,K-Banas,J/Trnava (12)/1984 (44)})
14... Bxg2 15. Nxg2 $1 (15. Kxg2 Nd5 (15... Qa8 16. d5 Nxe5 17. Bxe5 c6 18.
dxc6 bxc6 19. Rc4 Rd8 20. Qc2 $14) 16. Nxc6 Rxc6 17. Qb3 Nxe3+ 18. fxe3 Rb6 $11
) 15... Qd5 (15... Qa8 16. Nxc6 bxc6 17. Rc4 Rb8 18. Ba3 e6 19. Qc2 Nd7 $14) (
15... Nxe5 $6 16. dxe5 Nd7 17. f4 c6 18. Ba3 $16) 16. a3 (16. Ne3 Qxa2 $15) (
16. Qb3 Nxd4 17. Bxd4 Qxd4 18. Qxb7 Rxa4 $11) 16... Qa2 $6 (16... Rfa8 $5 17.
f3 Rxa4 18. e4 Qb5 $11) 17. Nd3 (17. Nc4 $5 Rd8 (17... Na5 $2 18. Nxa5 Qxb2 19.
Nc4 Qa2 20. Nge3 $18) 18. Qd3 (18. Nge3 Na5 19. Nxa5 Qxb2 20. Nec4 Qxd4 21.
Nxb7 Qxd1 22. Rfxd1 Rxd1+ 23. Rxd1 Rxa4 $11) 18... Rxa4 19. Rc2 b5 20. Nce3
Nxd4 21. Bxd4 Qe6 22. Nf4 Qa6 (22... Qc8 23. Nfd5 Nxd5 24. Bxg7 Nxe3 25. Qxe3
Kxg7 26. Qe5+ Kg8 27. Rxc7 Qe6 28. Qxe6 fxe6 29. Rxe7 Rxa3 30. Rb1 $16) 23.
Nfd5 Rxd4 24. Qxd4 Nxd5 25. Qd3 $16) 17... Rd8 18. e3 (18. Qc2 Nxd4 19. Bxd4
Qxc2 20. Rxc2 Rxd4 21. Rxc7 Raxa4 22. Rxe7 b6 (22... Nd7 23. Rxd7 Rxd7 24. Nc5
Rad4 25. Nxd7 Rxd7 26. Rb1 $16) 23. Rb1 Rd7 $14) 18... e5 19. dxe5 (19. Ra1 Qc4
) 19... Ne4 (19... Ne8 20. f4 (20. Ngf4 g5 21. Nh5 Rxd3 22. Qxd3 Qxb2 23. Nxg7
Kxg7 24. f4 Rxa4 $14) 20... Rxd3 21. Qxd3 Qxb2 22. Rb1 Qa2 23. Rxb7 $16) 20.
Qc2 (20. f3 Bxe5 $1 (20... Ng5 $6 21. f4 Nh3+ 22. Kh1 Rxd3 23. Qxd3 Qxb2 24.
Rc2 Qb6 25. Qd7 $18) 21. Rxc6 (21. fxe4 Bxb2 22. Qc2 Rxd3 23. Qxd3 Bxc1) 21...
Rxc6 22. Bxe5 Nc3 23. Bxc3 (23. Nb4 Rxd1 24. Nxa2 Rxf1+ 25. Kxf1 Nxa2 $17)
23... Rxc3 24. Nb4 Rxd1 25. Nxa2 Rxf1+ 26. Kxf1 Rxa3 27. Nb4 Rxa4 $13) 20...
Nd2 $3 {Brilliant move in a difficult position. Wunderschoene Zug in eine
schwierige Lage.} (20... Ng5 21. f4 Nh3+ 22. Kh1 Rxd3 23. Qxd3 Qxb2 24. Rc2 Qb6
25. Qd7 $18) 21. Ngf4 $1 (21. Rfd1 Rxd3 22. Ne1 (22. Qxd3 Nf3+ 23. Kh1 Qxb2 $15
) (22. Rxd2 Rxd2 23. Qxd2 Rb6 24. Rc2 Qb1+ 25. Ne1 Nxe5 26. Qd8+ Bf8 27. Bxe5
Qxe1+ 28. Kg2 Rb1 29. Rxc7 Qh1+ 30. Kh3 Qf1+ 31. Kg4 Qxf2 $13) 22... Rd8 23.
Rxd2 Rxd2 24. Qxd2 Rxa4 $14) (21. Qxd2 Nxe5 22. Qc2 Nxd3 23. Qxc7 Rad6 24. Bxg7
Nxc1 $13) 21... Nf3+ (21... Nxf1 $2 22. Ra1 $18) (21... Rxd3 22. Nxd3 Nxf1 23.
Kxf1 Qd5 24. Kg1 $16) 22. Kg2 Nfxe5 23. Nxe5 Bxe5 (23... Nxe5 24. Qxc7 Rad6 25.
Bxe5 Bxe5 26. Qxb7 $18) 24. Bxe5 Qxc2 25. Rxc2 Nxe5 26. Rxc7 Rxa4 (26... b6 27.
Rb1 Rd7 28. Rxd7 Nxd7 29. Rb4 Nc5 30. Nd5 Nxa4 31. h4 $16) 27. Rb1 Rxa3 28. Rb5
$5 (28. Rbxb7 Raa8 $1 29. Re7 $140 Re8) 28... Nd3 (28... Re8 29. Nd5 Kg7 30.
Rbxb7 $16) 29. Nxd3 Raxd3 30. Rbxb7 Rf8 31. g4 Rdd8 (31... Rd5 $5 32. Kg3 (32.
h4 h5 33. g5 Rdd8 34. f4 Rc8 $16) 32... h5 33. h3 hxg4 34. hxg4 Rdd8 35. f4 Rc8
$16) 32. h4 Rc8 33. Kg3 (33. Re7 Rce8) 33... Rxc7 34. Rxc7 {Holding this
endgame is very difficult. Es ist sehr schwierig solche Endspiel zu halten.} h6
$6 (34... Ra8 35. Rc5 Kg7 36. h5 $16) 35. f4 Ra8 36. Rc5 $1 Ra1 37. h5 Rg1+ 38.
Kf3 Kg7 39. Ra5 (39. hxg6 Kxg6 40. Rc6+ Kg7 (40... f6 41. Rc7 h5 42. gxh5+ Kxh5
43. Ke4 $18) 41. e4) 39... gxh5 40. Rxh5 Ra1 41. Rd5 Rg1 (41... Ra4 42. e4 f6
$5 43. Rd7+ Kg8 $16) 42. Rd6 Kh7 $6 (42... f6 43. Rd7+ Kg8 44. Ke4 Rxg4 45. Kf5
Rg3 46. e4 $16) 43. e4 Rf1+ 44. Kg3 Rg1+ 45. Kh3 Rf1 46. Rf6 $1 Kg7 47. e5 $18
Rf3+ 48. Kg2 (48. Kh4 Re3 49. Ra6 Re4 50. Kg3 Re3+ 51. Kf2 Rb3 52. Ra7 Kf8 53.
Rd7 $18) 48... Ra3 49. Rd6 Rb3 50. Kf2 Ra3 51. Rd7 Ra2+ (51... Kf8 52. Rd8+ Kg7
53. f5 Ra5 54. f6+ Kg6 55. Rg8+ Kh7 56. Re8 $18) 52. Kf3 Ra3+ 53. Ke4 Ra4+ 54.
Rd4 (54. Kf5 Ra5) 54... Ra1 55. f5 Re1+ 56. Kd5 Rf1 (56... Ra1 57. Kd6 Ra6+ 58.
Ke7 Ra7+ 59. Rd7 Ra5 60. e6 fxe6 61. f6+ $18) 57. Kd6 Ra1 58. Rc4 (58. Ke7 Re1
59. e6 Re2 60. Rd7 $18) 58... Ra8 (58... Rd1+ 59. Ke7 Rd5 60. e6 $18) 59. Rc7
Ra6+ (59... Kf8 60. Kd7 Ra5 61. Rc8+ Kg7 62. f6+ Kh7 63. e6 $18) 60. Ke7 Ra4 (
60... Rb6 61. e6 $18) 61. e6 fxe6 (61... f6 62. Kd8+ Kg8 63. e7 $18) 62. f6+
Kg6 63. f7 Rf4 64. f8=Q Rxf8 65. Kxf8 e5 66. Rc4 1-0

[Event "Sochi Chigorin Memorial"]
[Site "Sochi"]
[Date "1990.??.??"]
[Round "?"]
[White "Ruban, Vadim"]
[Black "Douven, Rudy C"]
[Result "1-0"]
[WhiteElo "2555"]
[BlackElo "2410"]
[Annotator "Ftacnik,L"]
[PlyCount "59"]
[EventDate "1990.10.??"]
[EventType "tourn"]
[EventRounds "11"]
[EventCountry "URS"]
[EventCategory "7"]
[SourceTitle "CBM 021"]
[Source "ChessBase"]
[SourceDate "1991.04.01"]
[SourceVersion "1"]
[SourceVersionDate "1991.04.01"]
[SourceQuality "1"]

1. d4 Nf6 2. c4 g6 3. g3 Bg7 4. Bg2 d5 5. Nf3 O-O 6. O-O dxc4 7. Na3 c3 8. bxc3
c5 9. e3 Nc6 10. Qe2 Bf5 11. Bb2 Qa5 12. Rfc1 Be4 13. Nc4 Qa6 14. Bf1 b5 $6 {N}
(14... Rfd8 15. Qd1 Bd5 16. Ncd2 Qb6 17. Qc2 cxd4 18. cxd4 Rac8 19. Bc3 $14 {
Nikolic,Pr-Popovic,P/Manila izt/1990/ ->CBM 19}) 15. Ncd2 c4 (15... Bd5 16.
Qxb5 Qxb5 17. Bxb5 Rab8 18. c4 $16) 16. Nxe4 Nxe4 17. Bg2 f5 (17... Rad8 18. a4
$1 bxa4 19. Qc2 $16) 18. Nd2 $1 Nxd2 19. Qxd2 Rad8 20. Qc2 e5 (20... Qb6 21. a4
a6 22. axb5 axb5 23. Ba3 $16) 21. a4 $1 Na5 (21... bxa4 22. Qxa4 $18) 22. axb5
Qxb5 23. Rcb1 Nb3 (23... Rf7 24. Qa4 Qxa4 25. Rxa4 Nb3 26. Bf1 Nd2 27. Rba1
Nxf1 28. Kxf1 $18) 24. Rxa7 e4 25. Ba3 Rf7 26. Rxf7 Kxf7 27. Bf1 Rb8 (27... Rc8
28. Bc5 Qa4 29. Bxc4+ Qxc4 30. Qxb3 $18) 28. Bb4 Na5 29. Ra1 Nc6 (29... Nb3 30.
Qxb3 cxb3 31. Bxb5 Rxb5 32. Rb1 $18) 30. Ra4 $1 {Ftacnik,L} 1-0

[Event "Helsinki op"]
[Site "Helsinki"]
[Date "1992.??.??"]
[Round "5"]
[White "Shcherbakov, Ruslan"]
[Black "Ebeling, Mika"]
[Result "1-0"]
[WhiteElo "2530"]
[BlackElo "2375"]
[Annotator "Ftacnik,L"]
[PlyCount "87"]
[EventDate "1992.09.??"]
[EventType "swiss"]
[EventRounds "9"]
[EventCountry "FIN"]
[SourceTitle "CBM 032"]
[Source "ChessBase"]
[SourceDate "1993.02.01"]
[SourceVersion "1"]
[SourceVersionDate "1993.02.01"]
[SourceQuality "1"]

1. d4 Nf6 2. Nf3 g6 3. g3 Bg7 4. Bg2 O-O 5. O-O d5 6. c4 dxc4 7. Na3 c3 8. bxc3
c5 9. e3 Nd5 10. Bb2 Qa5 11. Qe2 Nc6 12. Rfc1 (12. Rac1 Bg4 $1 13. h3 (13. Qc4
Nb6 14. Qb3 cxd4 15. Nxd4 Ne5 16. c4 Na4 17. Ba1 Nc5 18. Qc3 Qa6 19. h3 Bf3 20.
Bxf3 Nxf3+ 21. Kg2 Ng5 22. f3 Rfd8 23. Rcd1 Qa4 24. h4 Nge6 25. Rd2 Nxd4 26.
exd4 $10 {Spassov,L-Stohl,I/Munich op9192/1992/}) 13... Bxf3 14. Bxf3 Nb6 15.
Qb5 (15. Bg2 Rfd8 16. Qb5 Qxb5 17. Nxb5 Rac8 18. Rc2 a6 19. Na3 Na4 20. Ba1 b5
21. d5 Na5 22. c4 b4 23. Bxg7 Kxg7 24. Nb1 e6 25. e4 exd5 26. exd5 $15 {
Iskusnyh,S-Svidler,P/URS-chJ Jurmala/1992/}) 15... Qxb5 16. Nxb5 Nc4 17. Rc2
Rac8 18. dxc5 $6 N6e5 $1 $17 19. Be2 Rxc5 20. Nd4 Rfc8 21. Rb1 b6 22. Bc1 Nd6
$1 23. Ba6 R8c7 24. Ba3 Rxc3 25. Rxc3 Rxc3 26. Bxd6 $17 {Shabalov,A-Krasenkov,
M/Gausdal/1991/}) 12... Bg4 13. h3 Bxf3 14. Bxf3 e6 (14... Nb6 15. Rab1 Rac8
16. Bg2 Rfd8 17. Qb5 Qxb5 18. Nxb5 Na4 19. Ba1 a6 20. Na3 b5 21. Nc2 Na5 22.
Ne1 Nc4 23. Bb7 Nd2 24. Bxc8 Rxc8 25. Rb3 Nxb3 26. axb3 $10 {Petrosian,A-Belov,
I/Moscow 25'/1992/}) 15. Nc4 Qa6 16. Nd6 Nxd4 (16... Qxe2 17. Bxe2 b6 18. e4 (
18. dxc5 bxc5 19. Ne4 Rfb8 20. Rab1 Rb6 21. Nxc5 Rab8 22. Nb3 (22. Nd7 Rxb2 23.
Nxb8 Rxb8 24. Rxb8+ Nxb8 25. c4 Nc3 26. Rc2 $13) 22... Na5 23. Bd1 Nc4) 18...
Nf6 19. Rd1 $14) 17. cxd4 Qxd6 18. Rxc5 Rfc8 (18... b6 19. Rc4 Rfc8 20. Rac1
Rxc4 21. Qxc4 $16) 19. Rac1 Rxc5 20. Rxc5 b6 21. Rc1 Rd8 22. Kg2 Ne7 (22... e5
$2 23. dxe5 Bxe5 24. Rd1 Bxb2 25. Qxb2 $18) 23. Qa6 e5 (23... Rd7 $2 24. Ba3
Qb8 25. Bxe7 Rxe7 26. Rc8+ $18) 24. dxe5 Bxe5 25. Rd1 Qxd1 (25... Qc7 26. Rxd8+
Qxd8 27. Bxe5 $18) 26. Bxd1 Bxb2 27. Bb3 Nc8 28. Qb7 Rf8 29. Qd7 Bf6 30. e4 Be7
31. e5 $18 Rd8 32. Qb7 Rf8 33. f4 h5 34. g4 hxg4 35. hxg4 Kg7 36. f5 gxf5 37.
gxf5 Bg5 38. Kg3 Be7 39. f6+ Bxf6 (39... Kg6 40. Qe4+ $18) 40. exf6+ Kxf6 41.
Qc7 Kg6 42. Kf4 b5 43. Qc6+ Kg7 44. Qg2+ 1-0

[Event "Belgrade Investbank"]
[Site "Belgrade"]
[Date "1989.11.??"]
[Round "4"]
[White "Nikolic, Predrag"]
[Black "Damljanovic, Branko"]
[Result "0-1"]
[WhiteElo "2600"]
[BlackElo "2555"]
[Annotator "Ftacnik,L"]
[PlyCount "130"]
[EventDate "1989.11.??"]
[EventType "tourn"]
[EventRounds "11"]
[EventCountry "YUG"]
[EventCategory "15"]
[SourceTitle "CBM 016"]
[Source "ChessBase"]
[SourceDate "1990.06.01"]
[SourceVersion "1"]
[SourceVersionDate "1990.06.01"]
[SourceQuality "1"]

1. d4 g6 2. g3 Bg7 3. Bg2 d5 4. Nf3 Nf6 5. O-O O-O 6. c4 dxc4 7. Na3 c3 8. bxc3
c5 9. Ne5 Nd5 10. Bb2 Nc6 11. e4 {N} Nb6 12. f4 Nxe5 13. fxe5 Bd7 14. Rb1 Rc8
15. Ba1 Ba4 $1 16. Qe2 Qd7 17. h4 Rc7 18. Kh2 e6 19. Nb5 (19. h5 Rfc8) 19...
Bxb5 20. Rxb5 Na4 21. Rb3 Rfc8 22. Rf2 b6 (22... cxd4 23. cxd4 Rc2 24. Qxc2
Rxc2 25. Rxc2 $13) 23. Qe3 cxd4 24. cxd4 Rc1 $17 25. Bb2 Rd1 26. Ba3 (26. Rd3
Rxd3 27. Qxd3 Bxe5) 26... Rxd4 27. Bd6 Rxd6 28. exd6 Qxd6 29. Rd3 Qc7 30. Rd1
Nc5 31. Rdf1 Rf8 32. h5 Qe5 33. hxg6 hxg6 34. Qf4 Qh5+ 35. Qh4 Qxh4+ 36. gxh4
Be5+ 37. Kh3 Kg7 38. h5 f5 $1 39. exf5 (39. hxg6 $2 Rh8#) 39... gxf5 40. Re2
Kf6 41. Bf3 Nd3 42. Rd2 Nf4+ 43. Kg3 Nxh5+ 44. Kf2 Bg3+ 45. Ke2 Nf4+ 46. Kd1
Ng6 47. Rd7 a5 48. Rb7 Rd8+ 49. Kc2 Rd6 50. Bh5 Ne7 51. Be8 Nd5 52. Kb3 Ne3 53.
Rc1 Bf2 54. Ka4 f4 55. Rf7+ Ke5 56. Bc6 Nf5 57. Ba8 Rd2 58. a3 Rd4+ 59. Kb3 a4+
60. Kc3 Nd6 61. Rf8 Nb5+ 62. Kb2 Rd3 63. Rh1 Rb3+ 64. Kc1 Be3+ 65. Kd1 Nd4 {
Ftacnik} 0-1

[Event "Montreal 3rd"]
[Site "Montreal"]
[Date "2002.07.27"]
[Round "3"]
[White "Nogueiras Santiago, Jesus"]
[Black "Zugic, Igor"]
[Result "1-0"]
[WhiteElo "2546"]
[BlackElo "2450"]
[Annotator "Ftacnik,L"]
[PlyCount "79"]
[EventDate "2002.07.25"]
[EventType "tourn"]
[EventRounds "11"]
[EventCountry "CAN"]
[EventCategory "11"]
[SourceTitle "CBM 091"]
[Source "ChessBase"]
[SourceDate "2002.11.12"]
[SourceVersion "1"]
[SourceVersionDate "2002.11.12"]
[SourceQuality "1"]

1. Nf3 Nf6 2. c4 g6 3. g3 Bg7 4. Bg2 O-O 5. d4 d5 6. O-O dxc4 7. Na3 c3 8. bxc3
c5 9. e3 Nc6 10. Qe2 Qa5 11. Bb2 Bf5 12. Nd2 cxd4 (12... Rad8 13. Nb3 Qc7 14.
Nxc5 b6 15. Nb3 e5 16. d5 Nb8 17. e4 Bc8 18. Nb5 Ba6 19. c4 Qd7 20. a4 {
1-0 Cosma,I-Lupulescu,C/Baile Tusnad 2001/ (31)}) 13. cxd4 (13. exd4 Bg4 14.
Qe3 Qh5 15. f3 Bh3 16. Bxh3 Qxh3 17. Ne4 Rad8 18. Rad1 Qf5 19. c4 b6 20. Nc2
Na5 21. Qe2 Rc8 22. Ne3 Qd7 23. Bc3 Nxc4 24. Nxc4 Nxe4 25. fxe4 Qb5 {0-1
Scarella,E-Escandell,J/Villa Martelli 2001/ (48)}) 13... Rac8 {Black is
struggling to equalize the position, white pawns and pieces are controlling
the center.} (13... Qb4 14. Nb3 Rfd8 15. e4 Bg4 16. f3 Bd7 17. Rfd1 Rac8 18.
Nc2 Qb6 19. Ne3 Nb4 20. Nc5 Bb5 21. Qe1 Na6 22. e5 Nd5 23. Nxd5 Rxd5 24. f4
Rdd8 25. Ba3 {1-0 Rashkovsky,N-De Boer,G/Groningen 1990/ (37)}) 14. Nb3 Qb6 15.
Rfc1 Na5 (15... Be4 16. Bh3 $14) 16. Qb5 $5 Qxb5 17. Nxb5 Nc4 (17... Nxb3 18.
axb3 a6 19. Nc3 Rc7 20. Na4 Rfc8 21. Nc5 $16) 18. Nxa7 $1 {[%mdl 1024]
Nogueiras correctly sacrifices two pieces for the exchange and two pawns, with
good pieces his position will be very promising.} Nxb2 19. Nxc8 Bxc8 (19...
Rxc8 20. Bxb7 Rb8 21. Bg2 $16) 20. Rc7 b6 (20... e6 21. Rac1 Bd7 22. Nc5 Be8
23. Rxb7 $18) 21. Rxe7 Be6 22. Rb7 (22. Rc1 Nd3 23. Rc6 Rb8 24. Ra7 Nb4 $14)
22... Na4 (22... Nc4 23. Rc1 Rc8 24. Nd2 Nd6 25. Rxc8+ Nxc8 26. e4 $18) 23. Bc6
Bd5 (23... Bc8 24. Ra7 Nc3 25. a4 $16) 24. Rc1 Bxc6 (24... Rc8 25. Bxd5 (25.
Bxa4 $2 Rxc1+ 26. Nxc1 Bxb7 $17) 25... Rxc1+ 26. Nxc1 Nxd5 27. e4 Ndc3 28. e5
Bf8 29. Kg2 Ba3 30. Nb3 Nxa2 31. d5 $16) 25. Rxc6 Nd5 26. Nd2 $1 Ra8 27. Ne4 {
The knight is joining the attack and its aim is to make mischief on the
kingside.} f5 (27... Nb2 28. Rd6 f5 29. Ng5 Nf6 30. Ne6 $18) 28. Ng5 Nac3 29.
Ne6 Bf8 (29... Bf6 30. Rd7 b5 31. a3 g5 32. Rc5 $18) 30. Ng5 Bg7 (30... Ne4 31.
Nxh7 Be7 32. Rd7 Rd8 33. Rxd8+ Bxd8 34. Rc8 Kxh7 35. Rxd8 $18) 31. Rd6 $1 Bf6 (
31... Bf8 32. Rdd7 Nf6 33. Rf7 Ncd5 34. a4 h5 35. Ne6 $16) 32. Ne6 Be7 33. Rdd7
Rxa2 (33... Kf7 34. Nf4 Ra5 35. f3 Ke8 36. Nxd5 Nxd5 37. e4 $18) 34. Rxe7 Nxe7
35. Rxe7 Ne4 (35... Nd1 36. Rg7+ Kh8 37. Rb7 Kg8 38. Rb8+ Kf7 39. Ng5+ Ke7 40.
Rb7+ Kd8 41. Nh3 $18) 36. d5 Rd2 (36... Nxf2 37. d6 Ng4 38. d7 $18) 37. f3 (37.
Rg7+ Kh8 38. Rd7 h6 39. Nf8 $18) 37... Nc3 $2 {Zugic is missing his golden
chance to show real resistance with the sophisticated defense 37...Rd1+!} (
37... Nf6 38. Rg7+ Kh8 39. Rf7 Ng8 40. Ng5 $18) (37... Rd1+ $1 38. Kg2 Rd2+ 39.
Kh3 Nf2+ 40. Kh4 Rxd5 41. Rg7+ (41. Kg5 $4 f4+ 42. Kxf4 Rf5#) 41... Kh8 42. Rb7
Kg8 43. Rxb6 $16) 38. Rg7+ Kh8 39. Rc7 Rd1+ 40. Kg2 1-0

[Event "BIH-chT"]
[Site "Neum"]
[Date "2002.06.04"]
[Round "4.5"]
[White "Kurajica, Bojan"]
[Black "Dumpor, Atif"]
[Result "1-0"]
[WhiteElo "2555"]
[BlackElo "2376"]
[Annotator "Ftacnik,L"]
[PlyCount "87"]
[EventDate "2002.06.02"]
[EventType "team"]
[EventRounds "9"]
[EventCountry "BIH"]
[SourceTitle "CBM 090"]
[Source "ChessBase"]
[SourceDate "2002.09.20"]
[SourceVersion "1"]
[SourceVersionDate "2002.09.20"]
[SourceQuality "1"]
[WhiteTeam "Sarajevo Bosna"]
[BlackTeam "Sarajevo"]
[WhiteTeamCountry "BIH"]
[BlackTeamCountry "BIH"]

1. Nf3 Nf6 2. c4 g6 3. g3 Bg7 4. Bg2 O-O 5. O-O d5 6. d4 dxc4 7. Na3 c5 8. Nxc4
Nc6 9. dxc5 Ne4 10. Be3 Qxd1 (10... Qc7 11. Rc1 Rd8 12. Qa4 Bd7 13. Bf4 Qc8 14.
Qa3 a5 15. Nb6 {1-0 Horvath,A-Szakall,T/Budapest 1997/ (15)}) 11. Rfxd1 Be6 12.
Nce5 $1 {[%mdl 8] Simple and logical novelty, white pieces are excellently
developed and after some piece exchanges his spare pawn can play a distinct
role.} (12. Rac1 Rfd8 13. Rd3 Nb4 14. Rxd8+ Rxd8 15. Nfe5 Nxa2 16. Ra1 Nd2 17.
Bxd2 Bxe5 18. Ba5 b6 19. Nxe5 bxa5 20. Nc6 Rd2 21. Nxe7+ Kf8 22. Nc6 {1-0
Sandner,G-Graf,R/Germany 1995/ (88)}) 12... Nxe5 13. Nxe5 Nxc5 (13... Nxg3 14.
hxg3 Bxe5 15. Bxb7 Rad8 (15... Rab8 16. c6 $18) 16. Bh6 Rxd1+ 17. Rxd1 Rb8 18.
b3 $18) (13... Nxf2 14. Kxf2 Bxe5 15. Bxb7 Rad8 16. c6 $18) (13... Bxe5 14.
Bxe4 Rab8 15. Bf4 $16) 14. Bxc5 Bxe5 15. Bxe7 Rfe8 (15... Bxb2 16. Rab1 Rfe8
17. Bc5 Rad8 18. Bxb7 $16) 16. Ba3 Rac8 (16... Rad8 17. Kf1 Bc4 18. Bf3 $16)
17. Bxb7 Rc2 (17... Rb8 18. Bf3 Bxb2 19. Bxb2 Rxb2 20. a4 $16) 18. Be4 Rxe2 19.
Bd3 $1 {The rook is trapped and black will not even have a pawn to compensate
for his lost exchange.} Rxb2 (19... Bxb2 20. Bxe2 Bxa3 21. Ba6 $18) 20. Bxb2
Bxb2 21. Rab1 Ba3 22. Bb5 Rb8 23. Ba4 Rf8 (23... Rxb1 24. Rxb1 Bxa2 $2 25. Ra1
$18) 24. Rb7 Bc5 (24... Bxa2 25. Ra1 Bd5 26. Rd7 Bb2 27. Rb1 $18) 25. Bb3 Bh3 (
25... h6 26. Kg2 $18) 26. Re1 a5 27. Re5 Bb4 28. Re4 Bd6 (28... Kg7 29. g4 g5
30. Be6 $18) 29. Rd4 Bc5 30. Rf4 Bf5 31. Rxf7 $1 {Transfering the game into
technical endgame with no chances for the defender.} (31. g4 Bd6 32. Rd4 Be5
33. Rc4 Bd3 34. Rc5 $18) 31... Rxf7 32. Bxf7+ Kg7 (32... Kxf7 33. g4 Bd6 34.
Rf3 Ke6 35. gxf5+ gxf5 36. Rh3 $18) 33. Bb3 h5 34. Rc4 Bb4 35. Rc7+ Kf6 36. f4
g5 37. Rc6+ Ke7 38. fxg5 Bd7 39. Rc2 Bf5 40. Re2+ Kd6 41. g6 $1 Bc3 42. Kf2 a4
43. Bxa4 Bxg6 44. Be8 1-0

[Event "Asker 75th"]
[Site "Asker"]
[Date "1997.11.23"]
[Round "2"]
[White "Hellsten, Johan"]
[Black "Ostenstad, Berge"]
[Result "1-0"]
[WhiteElo "2495"]
[BlackElo "2465"]
[Annotator "Ftacnik,L"]
[PlyCount "95"]
[EventDate "1997.11.22"]
[EventType "tourn"]
[EventRounds "9"]
[EventCountry "NOR"]
[EventCategory "10"]
[SourceTitle "CBM 062"]
[Source "ChessBase"]
[SourceDate "1998.01.31"]
[SourceVersion "1"]
[SourceVersionDate "1998.01.31"]
[SourceQuality "1"]

1. d4 Nf6 2. Nf3 g6 3. g3 Bg7 4. Bg2 O-O 5. O-O d5 6. c4 dxc4 7. Na3 Nc6 8.
Nxc4 Be6 9. b3 a5 10. a4 Bd5 11. Bb2 Qb8 12. Nfe5 Bxg2 13. Kxg2 Nxe5 14. dxe5
Rd8 15. Qe1 $5 $146 (15. Qc1 Nd5 16. e4 Nb4 17. Qg5 e6 18. Rad1 b6 19. Ba3 Nc6
20. f4 Rxd1 21. Rxd1 Qe8 22. Ne3 Rd8 {1/2-1/2 De Fotis,G-Kaufmann,L/Chicago
1973/}) 15... Nd7 (15... Nd5 16. Nxa5 $14) 16. e6 $1 Bxb2 (16... fxe6 17. Bxg7
Kxg7 18. Qc3+ Nf6 19. Nxa5 $14) 17. exf7+ Kxf7 18. Nxb2 b6 (18... Nf6 19. Nd3
$14) 19. Nd3 Qb7+ 20. f3 Qd5 21. Qc3 {White enjoys better pawn structure and
prospects of a mild attack against the king. Weiss erfreut sich der besseren
Bauernstruktur und hat Chancen auf einen milden Angriff gegen dem König.} c5 (
21... Nc5 22. Nxc5 bxc5 23. Rad1 $16) 22. Rad1 Qd4 23. Qc2 (23. Qc4+ Qxc4 24.
bxc4 Nf6 $14) 23... Nf8 24. Nf4 Qe5 25. Qc4+ e6 (25... Kg7 26. h4 $14) 26. h4
$1 Qc7 (26... Rd4 27. Rxd4 Qxd4 28. Qxd4 cxd4 29. Rc1 $14) 27. h5 Rxd1 28. Rxd1
Rd8 29. hxg6+ hxg6 30. Rd3 $1 (30. Rxd8 Qxd8 31. Nd3 $14) 30... Rxd3 31. Qxd3
g5 (31... Qd7 $2 32. Nxg6 $1 Qxd3 33. Ne5+ $18) (31... Qe5 32. Qd8 Qe3 33. Qxb6
g5 34. Nd3 Qxe2+ 35. Nf2 $16) 32. Nh3 Qe5 33. Nf2 Qd5 34. Qc3 (34. Qxd5 exd5
35. e4 dxe4 36. Nxe4 Kg6 $13) 34... Qd4 35. Qc1 Qe5 36. Ne4 Nh7 (36... g4 37.
Qe3 gxf3+ 38. exf3 $14) 37. g4 Ke7 $2 {Black slips in attempt to control the
penetration squares. Schwarz macht einen Fehler bei dem Versuch,
Einbruchfelder zu decken.} (37... Kg6 38. Qc2 Kg7 39. Qd2 Qd5 40. Qc3+ $14) 38.
Qh1 $1 Qg7 (38... Nf6 39. Qh8 Kf7 40. Qxf6+ Qxf6 41. Nxf6 Kxf6 42. Kf2 $16) 39.
Qh2 e5 40. Ng3 Qg6 41. Nf5+ Ke6 42. Qh1 e4 (42... Nf6 43. Qd1 Ne8 44. Qd8 $18)
43. Qh2 $1 exf3+ 44. exf3 Kd7 (44... Kf7 45. Qc7+ $18) 45. Kf2 Nf8 46. Qe5 Qh7
(46... Qe6 47. Qg7+ Ke8 48. Qxg5 $18) 47. Ke3 (47. Qd6+ Ke8 48. Qxb6 $2 Qh2+)
47... Ng6 48. Qd6+ (48. Qd6+ Ke8 49. Qxb6 $18) 1-0

[Event "Groningen op"]
[Site "Groningen"]
[Date "1990.??.??"]
[Round "2"]
[White "Rashkovsky, Nukhim N"]
[Black "De Boer, Gert Jan"]
[Result "1-0"]
[WhiteElo "2530"]
[BlackElo "2400"]
[Annotator "Ftacnik,L"]
[PlyCount "73"]
[EventDate "1990.??.??"]
[EventType "swiss"]
[EventRounds "9"]
[EventCountry "NED"]
[SourceTitle "CBM 022"]
[Source "ChessBase"]
[SourceDate "1991.06.01"]
[SourceVersion "1"]
[SourceVersionDate "1991.06.01"]
[SourceQuality "1"]

1. d4 Nf6 2. Nf3 g6 3. g3 Bg7 4. Bg2 d5 5. c4 dxc4 6. Na3 c3 7. bxc3 O-O 8. O-O
c5 9. e3 Nc6 10. Qe2 Qa5 11. Bb2 Bf5 12. Nd2 $5 {N} (12. Rfc1 Be4 13. Nc4 Qa6)
12... cxd4 13. cxd4 Qb4 (13... Rfd8 $22 14. e4 Bg4 15. f3 Nxd4 $1 $13) 14. Nb3
Rfd8 15. e4 $1 Bg4 16. f3 Bd7 17. Rfd1 Rac8 18. Nc2 Qb6 19. Ne3 $1 Nb4 20. Nc5
Bb5 21. Qe1 Na6 (21... Nd3 22. Rxd3 $1 Bxd3 23. Nxd3 $16) 22. e5 $1 Nd5 23.
Nxd5 Rxd5 24. f4 Rdd8 25. Ba3 $16 Nxc5 (25... e6) 26. Bxc5 Qc7 27. Qb4 Bc6 28.
d5 Ba4 29. Rdc1 $18 b6 30. Bxe7 Qxc1+ 31. Rxc1 Rxc1+ 32. Bf1 Re8 33. Qxa4 Rxe7
34. d6 Rb7 35. Qe8+ Bf8 36. Kg2 Kg7 37. Ba6 {Ftacnik,L} 1-0